Social responsibilities

Gorde:
Xehetasun bibliografikoak
Formatua: Liburua
Hizkuntza:Undetermined
Argitaratua: New York Fry Consultants 1970
Gaiak:
Etiketak: Etiketa erantsi
Etiketarik gabe, Izan zaitez lehena erregistro honi etiketa jartzen!
Thư viện lưu trữ: Trung tâm Học liệu Trường Đại học Cần Thơ
LEADER 00373nam a2200145Ia 4500
001 CTU_79167
008 210402s9999 xx 000 0 und d
082 |a 304 
082 |b S678 
245 0 |a Social responsibilities 
260 |a New York 
260 |b Fry Consultants 
260 |c 1970 
650 |a Social aspect 
980 |a Trung tâm Học liệu Trường Đại học Cần Thơ